Namen die wie Monate kingen - Statistiken

Allgemein
  • Dieses Quiz wurde 712 mal gespielt
  • Das Durchschnittsergebnis liegt bei 6 aus 13
Antwortstatistiken
Name % Korrekt
August
92%
Jun
88%
Juli
85%
April
80%
Mai
77%
May
50%
Julie
43%
June
37%
March
34%
October
17%
Augustin
13%
Mei
12%
Augustine
6%
Keine übereinstimmenden Quizze gefunden
Verteilung der Resultate
Anzahl Personen mit jedem Resultat
Perzentil nach korrekt beantworteten Fragen
Ihre Resultats-Entwicklung
Sie haben dieses Quiz noch nicht gespielt